La lucha por el imperio mundial / (Record no. 38589)

MARC details
000 -LEADER
campo de control de longitud fija 00495nam a2200157 i 4500
001 - NÚMERO DE CONTROL
campo de control 38589
003 - IDENTIFICADOR DE NÚMERO DE CONTROL
campo de control ES-MaACL
007 - CAMPO FIJO DE DESCRIPCIÓN FÍSICA--INFORMACIÓN GENERAL
campo de control de longitud fija t|
008 - DATOS DE LONGITUD FIJA--INFORMACIÓN GENERAL
campo de control de longitud fija 030226q1949 sp ||||1| spa d
100 1# - ENTRADA PRINCIPAL--NOMBRE DE PERSONA
Nombre de persona Burnham, James.
9 (RLIN) 32740
245 13 - MENCIÓN DEL TÍTULO
Título La lucha por el imperio mundial /
Mención de responsabilidad, etc. por James Burnham ; traducción de Francisco Javier Osset.
260 ## - PUBLICACIÓN, DISTRIBUCIÓN, ETC.
Lugar de publicación, distribución, etc. Madrid :
Nombre del editor, distribuidor, etc. Pegaso,
Fecha de publicación, distribución, etc. [1949?] (
Fabricante Maeza)
300 ## - DESCRIPCIÓN FÍSICA
Extensión XV, 405 p. ;
Dimensiones 20 cm.
700 1# - ENTRADA AGREGADA--NOMBRE PERSONAL
Nombre de persona Osset, Francisco Javier.
9 (RLIN) 87784
852 ## - LOCALIZACIÓN
Ubicación ES-MaACL
Número de control de estantería E-719
Sublocalización o colección R.28642
Holdings
Estatus retirado Estado de pérdida Estado de daño No para préstamo Biblioteca de origen Biblioteca actual Ubicación en estantería Fecha de adquisición Fuente de adquisición Total de préstamos Signatura topográfica completa Código de barras Visto por última vez Precio de reemplazo Tipo de ítem Koha
        Biblioteca del Ateneo de Madrid Biblioteca del Ateneo de Madrid Depósito 2 17/01/2008     E-719 1040623 23/02/2023 23/02/2023 Libro impreso